| 000 | 00499nam a22001697a 4500 | ||
|---|---|---|---|
| 999 |
_c191859 _d191859 |
||
| 005 | 20220906103338.0 | ||
| 010 | _aENG-134930 | ||
| 020 |
_a9788186268865 _c3592.36 |
||
| 035 | _aEN-118462 | ||
| 037 | _bDBAD/PUB | ||
| 082 | _a615.532 | ||
| 100 | _aTandon, R.K. | ||
| 245 |
_aHomoeopathic Guide To Family Health: _bYour Doctor At Home/ _cR.K. Tandon and V.R. Bajaj |
||
| 260 |
_bRajendra Publishing _c2019 |
||
| 300 |
_a453p. _bIndex _c22cm(hb) |
||
| 942 |
_2ddc _cEN _h615.532 _mTAN |
||